Normal view
MARC view
- HENS,L.S.HUGO
Entry Personal Name
001 - CONTROL NUMBER
- control field: 111477
003 - CONTROL NUMBER IDENTIFIER
- control field: NUST
005 - DATE AND TIME OF LATEST TRANSACTION
- control field: 20230327143822.0
008 - FIXED-LENGTH DATA ELEMENTS
- fixed length control field: 230327|| aca||aabn | a|a d
040 ## - CATALOGING SOURCE
- Original cataloging agency: NUST
- Transcribing agency: NUST
100 ## - HEADING--PERSONAL NAME
- Personal name: HENS,L.S.HUGO
670 ## - SOURCE DATA FOUND
- Source citation: Work cat.: (NUST): HENS,L.S.HUGO., Performance Based Building Design to from Timber Framed /, 2012.
